All 8 Bosses and 5 Stages Of Kirbys Dream Land - Statistics

General Stats
  • This quiz has been taken 21 times
    20 since last reset
  • The average score is 8 of 13
Answer Stats
Hint Answer % Correct
. King Dedede
86%
. Kracko
86%
. Whispy Woods
86%
. Lololo
79%
. Green Greens
71%
. Kabula
64%
. Bubbly Clouds
57%
. Kracko Jr
57%
. Castle Lololo
50%
. Lololo and Lalala
50%
. Mt. Dedede
50%
. Float Islands
43%
. Poppy Bros Jr
36%
No matching quizzes found
Score Distribution
Percent of People with Each Score
Percentile by Number Answered
Your Score History
You have not taken this quiz since the last reset